Rozbory hospodárskej činnosti

Gespeichert in:
Bibliographische Detailangaben
1. Verfasser: Partyk, Bohuslav
Weitere Verfasser: Háčiková, Milada, Hrnčiar, Peter
Format: Buch
Sprache:Slowakisch
Veröffentlicht: Bratislava Alfa 1987
Ausgabe:1. vyd.
Tags: Tag hinzufügen
Keine Tags, Fügen Sie das erste Tag hinzu!

MARC

LEADER 00000nam a2200000 4500
001 c034985
005 20221219095122.8
041 0 |a slo 
044 |a SK 
245 1 0 |a Rozbory hospodárskej činnosti  |c Bohuslav Partyk, Milada Háčiková, Peter Hrnčiar 
250 |a 1. vyd. 
264 1 |a Bratislava  |b Alfa  |c 1987 
300 |a 387 s. 
100 1 |a Partyk, Bohuslav 
700 1 |a Háčiková, Milada 
700 1 |a Hrnčiar, Peter